000 00707nam a2200253Ia 4500
003 OSt
005 20220928120755.0
006 a|||||r|||| 00| 0
007 ta
008 220927b |||||||| |||| 00| 0 eng d
024 _a66343
037 _cTextual
040 _aSDCL
_cSDCL
_beng
041 _2eng
_aeng
082 _aX:5381, P5
100 _aParker Barbara
_9451053
245 0 _aIntroduction to globalization and business
_bRelationships and responsibilities
260 _aNew Delhi
_bResponse Books
_c2005
300 _axii,484p
_ccm.
650 _a Globalisation
650 _aGlobalization
942 _hX:5381, P5
_cTEXL
_2CC
999 _c765176
_d765176